000 00850nam a2200265 a 4500
001 BRCA_912
005 20190320203213.0
008 100408s1995----mx-#######---#000-0#spa-#
020 _a9703503861
041 _aspa
044 _amx
050 4 _aBX4329
_b.S54 1995
100 1 _aSigüenza y Góngora, Carlos de
_d1645-1700
_93026
245 1 0 _aParaíso occidental
_cCarlos de Sigüenza y Góngora ; prólogo, Margarita Peña.
260 _aMéxico
_bCONACULTA
_c1995
300 _a331 p.
_c21 cm.
440 0 _aCien de México
_93027
500 _aColección Sonia Corcuera de Mancera
504 _aIncluye referencias bibliográficas
610 2 4 _aConvento de Jesús María (Ciudad de México)
_93028
650 1 4 _aMonjas Carmelitas
_vBiografía
_zMéxico
_93029
700 1 _aPeña, Margarita
_epról.
_93030
902 _aDSC
942 _2lcc
_cB
999 _c805
_d805